[Event "67th ch-RUS HL 2014"]
[Site "Vladivostok RUS"]
[Date "2014.06.10"]
[Round "6.18"]
[White "Gochelashvili, David"]
[Black "Oparin, Grigoriy"]
[Result "1/2-1/2"]
[WhiteTitle "IM"]
[BlackTitle "GM"]
[WhiteElo "2431"]
[BlackElo "2552"]
[WhiteFideId "4161203"]
[BlackFideId "24125890"]
[EventDate "2014.06.04"]

1. e4 c5 2. Nf3 d6 3. c3 Nf6 4. Be2 Bd7 5. d3 Nc6 6. O-O g6 7. Re1 Bg7 8. Bf1
O-O 9. Nbd2 Qc7 10. a3 a5 11. d4 cxd4 12. cxd4 a4 13. b4 axb3 14. Qxb3 Na5 15.
Qb4 Nc6 16. Qb3 Na5 17. Qb4 Nc6 18. Qb3 1/2-1/2

[Event "67th ch-RUS HL 2014"]
[Site "Vladivostok RUS"]
[Date "2014.06.10"]
[Round "6.19"]
[White "Looshnikov, Nikolai"]
[Black "Usmanov, Vasily"]
[Result "1-0"]
[WhiteTitle "IM"]
[WhiteElo "2480"]
[BlackElo "2428"]
[WhiteFideId "4150104"]
[BlackFideId "4135741"]
[EventDate "2014.06.04"]

1. e4 c5 2. Nf3 Nc6 3. Bb5 g6 4. O-O Bg7 5. Re1 Nf6 6. e5 Nd5 7. Nc3 Nc7 8. Bxc6
dxc6 9. Ne4 b6 10. Nf6+ Kf8 11. Ne4 h6 12. d3 Kg8 13. h3 Kh7 14. Bf4 Ne6 15. Bh2
Nd4 16. Nfd2 Bf5 17. a4 a5 18. Nc4 Be6 19. b3 Rf8 20. c3 Bxc4 21. bxc4 Ne6 22.
Rb1 Ra7 23. Qb3 Rb7 24. f4 h5 25. Qc2 Bh6 26. Rf1 Rd7 27. f5 Ng7 28. e6 Ra7 29.
g4 hxg4 30. hxg4 gxf5 31. gxf5 fxe6 32. fxe6 Ra8 33. d4 Kg8 34. Qg2 cxd4 35. Be5
dxc3 36. Rxf8+ Qxf8 37. Rf1 Qd8 38. Qg6 Qd3 39. Qxh6 1-0

[Event "67th ch-RUS HL 2014"]
[Site "Vladivostok RUS"]
[Date "2014.06.10"]
[Round "6.20"]
[White "Iskusnyh, Sergei"]
[Black "Rychkov, Oleg"]
[Result "1/2-1/2"]
[WhiteTitle "GM"]
[BlackTitle "FM"]
[WhiteElo "2478"]
[BlackElo "2333"]
[WhiteFideId "4120027"]
[BlackFideId "4122852"]
[EventDate "2014.06.04"]

1. d4 Nf6 2. c4 g6 3. g3 c6 4. Bg2 Bg7 5. e3 d5 6. Ne2 O-O 7. O-O Nbd7 8. cxd5
cxd5 9. Nbc3 e6 10. a4 Ne8 11. b3 f5 12. Ba3 Rf7 13. Nf4 Ndf6 14. Qd2 g5 15. Nd3
Ne4 16. Qb2 Nxc3 17. Qxc3 Rc7 18. Qb2 Bd7 19. Rfc1 Rac8 20. Rxc7 Rxc7 21. Rc1 b6
22. Bf1 Qc8 23. Rxc7 Qxc7 24. Be7 Bf6 25. Qa3 Bc6 26. Bxf6 Nxf6 27. Ne5 Be8 28.
h3 Ne4 29. Bd3 Nd6 30. Qb2 Nf7 31. Nf3 h6 32. h4 a5 33. Kg2 Kg7 34. Qd2 Qd6 35.
Qc3 Qc6 36. Qa1 Qc7 37. Qe1 Qd6 38. Qd1 Qc7 39. Qd2 Kf6 40. Bb1 Ke7 41. Bd3 Kf6
42. Kf1 Ke7 43. Ke1 Kd8 44. Ke2 Nd6 45. Kf1 Bh5 46. Ne5 gxh4 47. gxh4 Nf7 48.
Nxf7+ Bxf7 49. Qc2 Qh2 50. Qc6 Qh1+ 51. Ke2 Bh5+ 52. Kd2 Qd1+ 53. Kc3 Qa1+ 54.
Kc2 Qd1+ 55. Kc3 Qe1+ 56. Kb2 Qxf2+ 57. Ka3 Qxe3 58. Qd6+ Ke8 59. Bb5+ Kf7 60.
Qc7+ Kf8 61. Qd8+ Kg7 62. Qc7+ Kf8 1/2-1/2

[Event "67th ch-RUS HL 2014"]
[Site "Vladivostok RUS"]
[Date "2014.06.10"]
[Round "6.21"]
[White "Chekhov, Sergei"]
[Black "Nazaretyan, Tigran"]
[Result "1-0"]
[WhiteTitle "IM"]
[WhiteElo "2467"]
[BlackElo "2195"]
[WhiteFideId "4195639"]
[BlackFideId "24162345"]
[EventDate "2014.06.04"]

1. e4 c5 2. c3 e6 3. d4 d5 4. e5 Nc6 5. Nf3 Qb6 6. a3 c4 7. Nbd2 Na5 8. Be2 Bd7
9. O-O f5 10. h4 Be7 11. g3 Nh6 12. Ne1 Nf7 13. Ng2 Rg8 14. Rb1 O-O-O 15. Nf4
Nb3 16. Nxb3 Ba4 17. Be3 Bxb3 18. Qd2 a5 19. Rbc1 g6 20. Nh3 Rdf8 21. Kg2 Rh8
22. h5 Rfg8 23. Ng5 Nxg5 24. Bxg5 Qd8 25. Bxe7 Qxe7 26. hxg6 hxg6 27. Rh1 g5 28.
Rcg1 Kd7 29. Bd1 a4 30. Be2 Qg7 31. Qc1 Ke7 32. Bf3 b6 33. Kf1 Kf7 34. Ke2 g4
35. Bg2 Kg6 36. f3 gxf3+ 37. Bxf3 Rxh1 38. Rxh1 Rh8 39. Rh4 Rxh4 40. gxh4 Kf7
41. Bh5+ Ke7 42. Kf2 Kf8 43. Bf3 Kf7 44. Qd2 Kg8 45. Bh5 Kf8 46. Qc1 Ke7 47. Bf3
Kf7 48. h5 Kf8 49. Qf4 Bc2 50. h6 Qg6 51. Qh4 f4 52. Qxf4+ Bf5 53. Qh4 Kg8 54.
Bh5 Qxh6 55. Bf7+ Kg7 56. Qxh6+ Kxh6 57. Be8 Kg5 58. Bxa4 Kf4 59. Bd1 Bg6 60. b4
cxb3 61. Bxb3 Be8 62. Bd1 Bd7 63. Ke2 Be8 64. Kd2 Bg6 65. Ba4 Kf3 66. Kc1 Ke3
67. Kb2 Bf5 68. Kb3 Bh3 69. Kb4 Bg4 70. Bd7 Kd3 71. a4 Bh3 72. Bc8 Bg4 73. Ba6+
Kd2 74. Bb5 Bf5 75. Bd7 Kd3 76. Kb5 Kxc3 77. Kxb6 Kxd4 78. a5 Kxe5 79. a6 d4 80.
a7 Be4 81. Bc6 Bxc6 82. Kxc6 d3 83. a8=Q Kd4 84. Qa1+ Kc4 85. Kd6 Kb3 86. Qd1+ 1-0

[Event "67th ch-RUS HL 2014"]
[Site "Vladivostok RUS"]
[Date "2014.06.10"]
[Round "6.22"]
[White "Korniushin, Nikolay"]
[Black "Kravtsov, Sergey"]
[Result "1/2-1/2"]
[WhiteTitle "IM"]
[BlackTitle "IM"]
[WhiteElo "2357"]
[BlackElo "2311"]
[WhiteFideId "4123808"]
[BlackFideId "4123816"]
[EventDate "2014.06.04"]

1. d4 Nf6 2. Nf3 g6 3. c4 Bg7 4. Nc3 d5 5. Bf4 O-O 6. e3 c5 7. dxc5 Qa5 8. Rc1
dxc4 9. Bxc4 Qxc5 10. Bb3 Nc6 11. O-O Qa5 12. h3 Bf5 13. Qe2 Ne4 14. g4 Nxc3 15.
bxc3 Bd7 16. Rfd1 Rad8 17. Rd5 Qa3 18. Rcd1 Be6 19. Rxd8 Nxd8 20. Qb5 a6 21. Qb6
Bxb3 22. axb3 Ne6 23. c4 a5 24. Qxb7 Qb2 25. Qb5 Qe2 26. Qd5 Qc2 27. Rd3 Nc5 28.
Qxc5 Qxd3 29. Qxe7 Qd1+ 30. Kg2 Qxb3 31. Be5 Bxe5 32. Nxe5 a4 33. Nd7 Ra8 34.
Nf6+ Kg7 35. Qe5 Qb7+ 36. e4 a3 37. Nd7+ Kg8 38. Nf6+ Kg7 39. Nd7+ Kg8 40. Nf6+
Kg7 1/2-1/2

[Event "67th ch-RUS HL 2014"]
[Site "Vladivostok RUS"]
[Date "2014.06.10"]
[Round "6.23"]
[White "Nechaev, Oleg"]
[Black "Egorov, Dmitry"]
[Result "1-0"]
[BlackTitle "FM"]
[WhiteElo "2331"]
[BlackElo "2343"]
[WhiteFideId "24113409"]
[BlackFideId "4128303"]
[EventDate "2014.06.04"]

1. d4 Nf6 2. c4 e6 3. Nf3 b6 4. g3 Bb7 5. Bg2 Be7 6. Nc3 d5 7. Ne5 O-O 8. cxd5
Nxd5 9. Nxd5 exd5 10. O-O Nd7 11. Qa4 Nxe5 12. dxe5 Qe8 13. Qb3 Rd8 14. Rd1 Qd7
15. Bf4 c5 16. h4 h6 17. Kh2 d4 18. h5 Bxg2 19. Kxg2 Rc8 20. Rac1 Rfd8 21. Qf3
b5 22. Rc2 Qe6 23. a3 Rd7 24. Rcd2 Rcd8 25. Qe4 Qb3 26. g4 a5 27. Rd3 Qe6 28.
Kg3 Bg5 29. e3 Bxf4+ 30. Kxf4 f6 31. exd4 cxd4 32. exf6 Qxf6+ 33. Kg3 Re7 34.
Qf3 Qe5+ 35. Kh3 Rf7 36. Qg3 Rf4 37. Rf3 Rxf3 38. Qxf3 Rf8 39. Qg2 Kh8 40. Rd3
Qe2 41. Rxd4 Rf3+ 42. Kh4 a4 43. Rb4 Kg8 44. Rd4 Kh8 45. Rb4 Qd3 46. Rd4 Qe2 47.
Rb4 Qe7+ 48. g5 hxg5+ 49. Qxg5 Rh3+ 50. Kg4 Qe6+ 51. Kf4 Qf7+ 52. Ke4 Qf3+ 53.
Kd4 Rxh5 54. Qe3 Rh4+ 55. Kd3 Qf5+ 56. Kd2 Qd7+ 57. Kc2 Qf5+ 58. Kd2 Qd5+ 59.
Kc2 Qf5+ 60. Kd2 Qd5+ 61. Kc3 Qc6+ 62. Kd2 Rh1 63. Qc3 Qh6+ 64. Qe3 Qc6 65. Qc3
Qe6 66. Qe3 Qc8 67. Qc3 Qf5 68. Qe3 Rh2 69. Rf4 Qg6 70. Qd4 Qg5 71. Kc3 Rh3+ 72.
f3 Qg6 73. Kb4 Rh5 74. Qd8+ Kh7 75. Rf8 Qe6 76. Rh8+ Kg6 77. Rxh5 Kxh5 78. Qd3
Kh4 1-0

[Event "67th ch-RUS HL 2014"]
[Site "Vladivostok RUS"]
[Date "2014.06.10"]
[Round "6.24"]
[White "Muratov, Sergey"]
[Black "Gritsenko, Andrey"]
[Result "0-1"]
[WhiteTitle "FM"]
[BlackTitle "IM"]
[WhiteElo "2219"]
[BlackElo "2418"]
[WhiteFideId "4131355"]
[BlackFideId "4197933"]
[EventDate "2014.06.04"]

1. d4 d5 2. c4 c6 3. Nf3 Nf6 4. e3 Bg4 5. h3 Bh5 6. Nbd2 Nbd7 7. Bd3 e6 8. O-O
Be7 9. b3 O-O 10. Qc2 c5 11. cxd5 exd5 12. Bb2 b6 13. Ne5 Bg6 14. Nc6 Qe8 15.
Nxe7+ Qxe7 16. Bxg6 hxg6 17. dxc5 bxc5 18. Rac1 Qe6 19. Qd3 Rfd8 20. Rfd1 Rac8
21. Nf3 Nb6 22. Ng5 Qe7 23. Rc2 Ne4 24. Nxe4 dxe4 25. Qe2 Rxd1+ 26. Qxd1 Rd8 27.
Rd2 Rxd2 28. Qxd2 f6 29. a4 Qe6 30. a5 Nd7 31. Qc3 Ne5 32. Qxc5 Nd3 33. Qc2 Qd5
34. Bc3 a6 35. Bd2 Kh7 36. b4 Qe5 37. Bc3 Qc7 38. Qd2 Qc4 39. Kh1 Qb3 40. Kh2
Qb1 41. Qe2 Qb3 42. Qd2 Qb1 43. Qe2 Qc1 44. Bd4 Nxb4 45. Qg4 Qc7+ 46. Qg3 Qxa5
47. Qh4+ Qh5 48. Qxe4 a5 49. Qe7 Qf5 50. Qc7 Nd3 51. f4 a4 52. Qa7 Ne1 53. Qxa4
Qd5 0-1

[Event "67th ch-RUS HL 2014"]
[Site "Vladivostok RUS"]
[Date "2014.06.11"]
[Round "7.1"]
[White "Fedoseev, Vladimir3"]
[Black "Jakovenko, Dmitry"]
[Result "0-1"]
[WhiteTitle "GM"]
[BlackTitle "GM"]
[WhiteElo "2662"]
[BlackElo "2736"]
[WhiteFideId "24130737"]
[BlackFideId "4122356"]
[EventDate "2014.06.04"]

1. e4 e5 2. Nf3 Nc6 3. Bb5 Nf6 4. d3 d6 5. c3 Be7 6. O-O a6 7. Ba4 O-O 8. Re1 b5
9. Bc2 d5 10. Qe2 dxe4 11. dxe4 Be6 12. Rd1 Qc8 13. Bg5 h6 14. Bh4 Qb7 15. Bg3
Bd6 16. Nbd2 Rfe8 17. b4 Nh5 18. a4 Nxg3 19. hxg3 Ne7 20. Bb3 Bxb3 21. Nxb3 Qc6
22. Qe3 Reb8 23. Nfd2 Nc8 24. a5 Ne7 25. f4 f5 26. Qf3 Rf8 27. Re1 Rae8 28. Rad1
Qa8 29. Kh1 fxe4 30. Nxe4 exf4 31. Nxd6 Qxf3 32. gxf3 cxd6 33. g4 Nc8 34. Nd4
Kf7 35. Nf5 Rxe1+ 36. Rxe1 g6 37. Nxh6+ Kf6 38. g5+ Kxg5 39. Ng4 Rh8+ 40. Kg2
Kf5 41. Re4 g5 42. Kf2 Rh7 43. c4 bxc4 44. Rxc4 Na7 45. Rd4 Nb5 46. Re4 Rc7 47.
Nh6+ Kf6 48. Kg2 Rc2+ 49. Kh3 Rc3 50. Kg2 Rc2+ 51. Kh3 Rc3 52. Kg2 Rb3 53. Ng8+
Kf7 54. Nh6+ Kf6 55. Ng8+ Kg6 56. Ne7+ Kh5 57. Nf5 Rb2+ 58. Kf1 Rb1+ 59. Kg2
Rb2+ 60. Kf1 Rd2 61. Rc4 Rd5 62. Ne7 Rd3 63. Rc6 Rxf3+ 64. Kg2 Ra3 65. Rxa6 Kg4
66. Rc6 f3+ 67. Kf1 Ra1+ 68. Kf2 Ra2+ 69. Kf1 Ra1+ 70. Kf2 Ra2+ 71. Kf1 Nd4 0-1

[Event "67th ch-RUS HL 2014"]
[Site "Vladivostok RUS"]
[Date "2014.06.11"]
[Round "7.2"]
[White "Lysyj, Igor"]
[Black "Matlakov, Maxim"]
[Result "1-0"]
[WhiteTitle "GM"]
[BlackTitle "GM"]
[WhiteElo "2670"]
[BlackElo "2689"]
[WhiteFideId "4150120"]
[BlackFideId "4168003"]
[EventDate "2014.06.04"]

1. d4 d5 2. c4 c6 3. Nf3 Nf6 4. e3 Bf5 5. Nc3 e6 6. Nh4 Bg6 7. Nxg6 hxg6 8. Bd3
Nbd7 9. O-O Bd6 10. g3 dxc4 11. Bxc4 Qe7 12. Be2 e5 13. Bf3 O-O-O 14. Bg2 Kb8
15. Qb3 e4 16. f3 exf3 17. Bxf3 Nb6 18. e4 Bc7 19. e5 Nfd5 20. Ne2 c5 21. a4 a5
22. Bd2 cxd4 23. Rac1 Bxe5 24. Bxa5 d3 25. Qxd3 Nc3 26. Qc2 Qc5+ 27. Kh1 Rxh2+
28. Kxh2 Rh8+ 29. Kg2 Nc4 30. Qd3 Ne3+ 31. Qxe3 Qxe3 32. Bxc3 Bc7 33. Bxg7 Re8
34. Bd4 Qg5 35. Bf2 Qa5 36. Rc4 g5 37. Rfc1 Re7 38. Rc5 Qd2 39. Rd5 Qxb2 40.
Rxg5 1-0

[Event "67th ch-RUS HL 2014"]
[Site "Vladivostok RUS"]
[Date "2014.06.11"]
[Round "7.3"]
[White "Tomashevsky, Evgeny"]
[Black "Shimanov, Aleksandr"]
[Result "1/2-1/2"]
[WhiteTitle "GM"]
[BlackTitle "GM"]
[WhiteElo "2695"]
[BlackElo "2643"]
[WhiteFideId "4147235"]
[BlackFideId "4198603"]
[EventDate "2014.06.04"]

1. d4 d5 2. c4 c6 3. Nf3 Nf6 4. Nc3 dxc4 5. a4 Bf5 6. Ne5 Nbd7 7. Nxc4 Qc7 8. g3
e5 9. dxe5 Nxe5 10. Bf4 Nfd7 11. Bg2 g5 12. Ne3 gxf4 13. Nxf5 O-O-O 14. Qc2 Nc5
15. O-O fxg3 16. hxg3 a5 17. Rfd1 h5 18. e3 Ng6 19. Rd4 h4 20. Nxh4 Nxh4 21.
Rxh4 Rxh4 22. gxh4 Qe5 23. Rd1 Bd6 24. Kf1 Rh8 25. Ne2 Rxh4 26. Nd4 Rh5 27. Qc4
Rh8 28. b4 axb4 29. a5 Na6 30. Nxc6 Qc5 31. Qd3 bxc6 32. Qxa6+ Kc7 33. Rd4 b3
34. Rc4 b2 35. Rxc5 b1=Q+ 36. Ke2 Qb2+ 37. Kd3 Bxc5 38. Qxc6+ Kb8 39. Qa8+ Kc7
40. Qc6+ Kb8 41. Qxc5 Qb3+ 42. Ke2 Qb2+ 43. Kf3 Qf6+ 44. Ke4 Rg8 45. Qb5+ Ka7
46. Qd7+ Kb8 47. Bh3 Rd8 48. Qb5+ Ka7 49. Qc5+ Kb8 50. f4 Qg6+ 51. Kf3 Rg8 52.
Qb5+ Ka7 53. Qd7+ Kb8 54. Bg4 Qb1 55. Kf2 Qa2+ 56. Be2 Qxa5 57. Qxf7 Rh8 58.
Qb3+ Ka7 59. Qb2 Rh2+ 60. Kg3 Rh7 61. Qd4+ Kb8 62. Qd6+ Ka7 63. Qd4+ Kb8 64. Kg2
Qf5 65. Qb6+ Kc8 66. Ba6+ Kd7 67. Bb5+ Ke7 68. Qc7+ Kf8 69. Qd8+ Kg7 70. Qe7+
Kh8 71. Qe8+ Kg7 72. Qe7+ Kh8 73. Qd8+ Kg7 74. Qd4+ Kf8 75. Qd6+ Kg7 76. Qd7+
Qxd7 77. Bxd7 Kf6 78. Bg4 Ra7 79. e4 Ra2+ 80. Kg3 Ra3+ 81. Bf3 Re3 82. Kf2 Ra3
83. Be2 Rc3 84. Bg4 Rc5 85. Ke3 Ra5 86. Bd7 Ke7 87. Bc6 Kd6 88. Bb7 Ra3+ 89. Kf2
Kc7 90. Bd5 Kd6 91. Bg8 Kc5 92. e5 Kd4 93. e6 Ke4 94. e7 Ra8 95. Bf7 Kxf4 96.
e8=Q Rxe8 97. Bxe8 Ke5 1/2-1/2

[Event "67th ch-RUS HL 2014"]
[Site "Vladivostok RUS"]
[Date "2014.06.11"]
[Round "7.4"]
[White "Demchenko, Anton"]
[Black "Khismatullin, Denis"]
[Result "1/2-1/2"]
[WhiteTitle "GM"]
[BlackTitle "GM"]
[WhiteElo "2613"]
[BlackElo "2671"]
[WhiteFideId "4160258"]
[BlackFideId "4142578"]
[EventDate "2014.06.04"]

1. e4 c5 2. c3 Nf6 3. e5 Nd5 4. Bc4 Nb6 5. Bb3 g6 6. Nf3 Bg7 7. O-O O-O 8. a4 d5
9. exd6 Qxd6 10. Na3 Nc6 11. a5 Nd7 12. Nc4 Qc7 13. d3 Rb8 14. Re1 b5 15. axb6
Nxb6 16. h3 h6 17. Ne3 Kh7 18. Qe2 e5 19. Nc4 Re8 20. Be3 Bf8 21. Qc2 Be6 22.
Nfd2 f5 23. f3 Rbd8 24. Bf2 Qd7 25. Na5 Bxb3 26. Ndxb3 Nxa5 27. Rxa5 Nc8 28.
Nxc5 Qf7 29. b4 Bd6 30. Bh4 g5 31. Bf2 Bc7 32. Raa1 Re7 33. d4 Rf8 34. Bg3 Rfe8
35. Bxe5 Bxe5 36. dxe5 Rxe5 37. Rxe5 Rxe5 38. Rd1 Nb6 39. Kf2 Qe7 40. Nd3 Re3
41. Nc5 Re5 42. Qa2 g4 43. fxg4 fxg4 44. hxg4 Nd5 45. Kg1 Re1+ 1/2-1/2

[Event "67th ch-RUS HL 2014"]
[Site "Vladivostok RUS"]
[Date "2014.06.11"]
[Round "7.5"]
[White "Goganov, Aleksey"]
[Black "Grachev, Boris"]
[Result "0-1"]
[WhiteTitle "GM"]
[BlackTitle "GM"]
[WhiteElo "2591"]
[BlackElo "2661"]
[WhiteFideId "24109959"]
[BlackFideId "4129199"]
[EventDate "2014.06.04"]

1. d4 d5 2. c4 e6 3. Nf3 Nf6 4. Nc3 Nbd7 5. Bg5 Be7 6. e3 h6 7. Bh4 O-O 8. Rc1
c6 9. Bd3 dxc4 10. Bxc4 b5 11. Bd3 a6 12. O-O c5 13. a4 bxa4 14. Nxa4 cxd4 15.
Nxd4 Bb7 16. Bg3 Rc8 17. Qe2 Rxc1 18. Rxc1 Qa8 19. f3 Rc8 20. Rxc8+ Qxc8 21. Qc2
Nc5 22. Bf1 Nd5 23. Bf2 Nb4 24. Qd1 Nxa4 25. Qxa4 e5 26. Be1 exd4 27. Bxb4 Bg5
28. f4 Bf6 29. e4 Qc1 30. e5 Qe3+ 31. Kh1 Qc1 32. Kg1 Qe3+ 33. Kh1 Qxf4 34. Qe8+
Kh7 35. Bd3+ Be4 36. Bd2 Qg4 0-1

[Event "67th ch-RUS HL 2014"]
[Site "Vladivostok RUS"]
[Date "2014.06.11"]
[Round "7.6"]
[White "Sjugirov, Sanan"]
[Black "Zvjaginsev, Vadim"]
[Result "0-1"]
[WhiteTitle "GM"]
[BlackTitle "GM"]
[WhiteElo "2645"]
[BlackElo "2642"]
[WhiteFideId "4189302"]
[BlackFideId "4113403"]
[EventDate "2014.06.04"]

1. e4 c5 2. Nf3 Nc6 3. Bb5 g6 4. Bxc6 bxc6 5. O-O Bg7 6. Re1 Rb8 7. c3 Nf6 8. e5
Nd5 9. d4 cxd4 10. Qxd4 Qb6 11. Qh4 h6 12. Nbd2 g5 13. Qe4 Bb7 14. Nc4 Qa6 15.
Rd1 Nb6 16. Nxb6 Qxb6 17. Qg4 Bc8 18. Qg3 Qc7 19. h4 c5 20. hxg5 Rb6 21. Bf4
hxg5 22. Bxg5 Bh6 23. Rd6 Bxg5 24. Rxb6 Qxb6 25. Qxg5 Qxb2 26. Re1 Qc2 27. Qg7
Qh7 28. Qxh7 Rxh7 29. Ng5 Rh6 30. Ne4 Ra6 31. Re2 Ra5 32. Rb2 Kd8 33. Ng5 Kc7
34. Nxf7 Ba6 35. e6 d6 36. f4 Bc4 37. f5 Rxa2 38. Rxa2 Bxa2 39. g4 Bb1 40. f6
exf6 41. e7 Kd7 42. Nxd6 Kxe7 43. Nb7 c4 44. Na5 Kd6 45. Nxc4+ Kc5 46. Na3 Bh7
47. Kf2 a5 48. Ke3 a4 49. Kf4 Kd5 50. Ke3 Bg6 51. Kf4 Bd3 52. Ke3 Ba6 53. Kf4
Bc8 54. Kf3 Bd7 55. Kf4 Be6 56. g5 fxg5+ 57. Kxg5 Ke5 58. Nc2 Bb3 59. Nb4 a3 60.
Kg6 Kd6 61. Kf5 Kc5 62. Ke5 Kc4 63. Kd6 Kxc3 64. Kc5 Bc4 0-1

[Event "67th ch-RUS HL 2014"]
[Site "Vladivostok RUS"]
[Date "2014.06.11"]
[Round "7.8"]
[White "Alekseev, Evgeny"]
[Black "Stukopin, Andrey"]
[Result "1-0"]
[WhiteTitle "GM"]
[BlackTitle "GM"]
[WhiteElo "2673"]
[BlackElo "2546"]
[WhiteFideId "4138147"]
[BlackFideId "24107131"]
[EventDate "2014.06.04"]

1. e4 e5 2. Nf3 Nc6 3. Bb5 a6 4. Ba4 Nf6 5. d3 d6 6. c3 g6 7. O-O Bg7 8. h3 O-O
9. Be3 Qe7 10. Nbd2 Nd8 11. Re1 Ne6 12. Ng5 Nxg5 13. Bxg5 h6 14. Bh4 b5 15. Bc2
c6 16. Nf1 Qc7 17. Ne3 Nh7 18. d4 exd4 19. cxd4 Re8 20. a4 Bb7 21. Qd2 c5 22.
dxc5 Qxc5 23. axb5 axb5 24. Rxa8 Bxa8 25. Bg3 Bxb2 26. Bxd6 Qc3 27. Qe2 Bc6 28.
e5 Qa5 29. f4 Bd4 30. Kh2 Nf6 31. Rd1 Qa7 32. Ng4 Nxg4+ 33. Qxg4 Be3 34. Bb3 Kg7
35. e6 fxe6 36. Be5+ Kh7 37. Rd6 h5 38. Qg5 Be4 39. Bxe6 Re7 40. Rd8 Bg1+ 41.
Kh1 1-0

[Event "67th ch-RUS HL 2014"]
[Site "Vladivostok RUS"]
[Date "2014.06.11"]
[Round "7.9"]
[White "Zhurikhin, Alexander"]
[Black "Najer, Evgeniy"]
[Result "0-1"]
[WhiteTitle "FM"]
[BlackTitle "GM"]
[WhiteElo "2333"]
[BlackElo "2653"]
[WhiteFideId "4139569"]
[BlackFideId "4118987"]
[EventDate "2014.06.04"]

1. e4 c5 2. Nf3 e6 3. g3 Nc6 4. Bg2 Nf6 5. Qe2 d5 6. exd5 Nxd5 7. O-O Be7 8. Rd1
Qb6 9. c3 Bf6 10. d3 O-O 11. Bg5 Bd7 12. Bxf6 Nxf6 13. Na3 Qa6 14. Qe3 b6 15.
Ne5 Rac8 16. Nxd7 Nxd7 17. Nc4 b5 18. Nd6 Rc7 19. a4 b4 20. Nb5 Rcc8 21. Bxc6
Rxc6 22. cxb4 cxb4 23. Qxa7 Qxa7 24. Nxa7 Ra6 25. Nb5 Nc5 26. a5 g6 27. d4 Nb3
28. Ra4 Rb8 29. Rxb4 Nxa5 30. Ra4 Rxb5 31. b4 g5 32. Rc1 Rc6 33. Rc5 Rcxc5 0-1

[Event "67th ch-RUS HL 2014"]
[Site "Vladivostok RUS"]
[Date "2014.06.11"]
[Round "7.10"]
[White "Khairullin, Ildar"]
[Black "Vorobiov, Evgeny E."]
[Result "0-1"]
[WhiteTitle "GM"]
[BlackTitle "GM"]
[WhiteElo "2648"]
[BlackElo "2587"]
[WhiteFideId "4151348"]
[BlackFideId "4121341"]
[EventDate "2014.06.04"]

1. e4 c5 2. Nf3 d6 3. Bb5+ Nd7 4. O-O Nf6 5. Re1 a6 6. Bd3 Ne5 7. Nxe5 dxe5 8.
a4 b6 9. b3 e6 10. Na3 Bd6 11. Nc4 Bc7 12. Bb2 Nd7 13. f4 O-O 14. Qg4 Bb7 15.
Nxe5 Nxe5 16. fxe5 b5 17. Bc3 Bc6 18. Re3 Ba5 19. Bxa5 Qxa5 20. Rg3 g6 21. Qf4
c4 22. Be2 cxb3 23. cxb3 bxa4 24. bxa4 Qc5+ 25. Re3 Qd4 26. Rc1 Bxa4 27. Rc4
Qa1+ 28. Qf1 Qa2 29. Qc1 Rad8 30. Bf1 Bb5 31. Rc2 Qa4 32. Bxb5 axb5 33. h3 Rd7
34. Kh2 Rfd8 35. Rb2 b4 36. Reb3 Qa5 37. Rxb4 Qxe5+ 38. Kh1 Qf4 39. Rc4 Rd3 40.
Rbc2 h5 41. Qa1 Kh7 42. e5 R8d4 43. Rxd4 Rxd4 44. Rc1 Qxd2 45. Rf1 Kg7 46. Qa7
Rd7 47. Qa4 Rc7 48. Qh4 Qd7 49. Qf6+ Kg8 50. Rb1 Rb7 51. Ra1 Rb8 52. Rf1 Rb2 53.
Qf3 Rb5 54. Qf6 Rd5 55. Ra1 Rd1+ 56. Rxd1 Qxd1+ 57. Kh2 Qc2 58. Qf4 Qf5 59. Qd4
g5 60. g4 Qc2+ 61. Kg1 hxg4 62. Qd8+ Kh7 63. Qxg5 Qd1+ 64. Kh2 Qe2+ 65. Kg1 Qe1+
66. Kg2 gxh3+ 67. Kh2 Qf2+ 68. Kxh3 Qf5+ 69. Kh4 Qxg5+ 70. Kxg5 Kg7 71. Kh5 f6 0-1

[Event "67th ch-RUS HL 2014"]
[Site "Vladivostok RUS"]
[Date "2014.06.11"]
[Round "7.11"]
[White "Belous, Vladimir"]
[Black "Riazantsev, Alexander"]
[Result "1-0"]
[WhiteTitle "GM"]
[BlackTitle "GM"]
[WhiteElo "2586"]
[BlackElo "2692"]
[WhiteFideId "4174003"]
[BlackFideId "4125029"]
[EventDate "2014.06.04"]

1. c4 e6 2. Nc3 Bb4 3. e4 Ne7 4. Nf3 O-O 5. d4 d5 6. e5 c5 7. a3 Bxc3+ 8. bxc3
h6 9. Bd3 dxc4 10. Bxc4 b6 11. Qe2 Bb7 12. O-O Qc8 13. Bd3 cxd4 14. Nxd4 Nd7 15.
Bd2 Rd8 16. Rfe1 Nc5 17. Bc2 Nf5 18. Qg4 g6 19. Bxf5 exf5 20. Qh4 h5 21. Qf6 Nd7
22. Qg5 Nf8 23. Qh6 Ne6 24. Bg5 Rxd4 25. Bf6 1-0

[Event "67th ch-RUS HL 2014"]
[Site "Vladivostok RUS"]
[Date "2014.06.11"]
[Round "7.13"]
[White "Looshnikov, Nikolai"]
[Black "Potkin, Vladimir"]
[Result "1/2-1/2"]
[WhiteTitle "IM"]
[BlackTitle "GM"]
[WhiteElo "2480"]
[BlackElo "2621"]
[WhiteFideId "4150104"]
[BlackFideId "4131061"]
[EventDate "2014.06.04"]

1. e4 c5 2. Nf3 e6 3. c3 Nf6 4. e5 Nd5 5. d4 cxd4 6. cxd4 d6 7. Bc4 Be7 8. O-O
O-O 9. Qe2 Nc6 10. a3 Bd7 11. Nbd2 Qc7 12. Qe4 Rad8 13. Re1 Bc8 14. b4 dxe5 15.
dxe5 f5 16. Qc2 b5 17. Bxd5 Rxd5 18. Nb3 Bd8 19. Bf4 Ne7 20. Qb2 Qb8 21. Bg5 h6
22. Bxe7 Bxe7 23. Rac1 Bb7 24. Nbd4 Kf7 25. Nc6 Bxc6 26. Rxc6 Rc8 27. Qc3 Rxc6
28. Qxc6 Qb6 29. Qxb6 axb6 30. h3 g5 31. g4 Kg6 32. Kg2 h5 33. gxh5+ Kxh5 34.
Re3 Bf8 35. Rc3 g4 36. hxg4+ fxg4 37. Ng1 Rxe5 38. Rc6 Bh6 39. Rxb6 Bc1 40. Ra6
Kg5 41. Kf1 Bb2 42. Ne2 Rd5 43. a4 bxa4 44. Rxa4 Rd1+ 45. Kg2 Rb1 46. Ra5+ 1/2-1/2

[Event "67th ch-RUS HL 2014"]
[Site "Vladivostok RUS"]
[Date "2014.06.11"]
[Round "7.14"]
[White "Bukavshin, Ivan"]
[Black "Airapetian, Gor"]
[Result "0-1"]
[WhiteTitle "GM"]
[BlackTitle "IM"]
[WhiteElo "2607"]
[BlackElo "2472"]
[WhiteFideId "4199758"]
[BlackFideId "4177916"]
[EventDate "2014.06.04"]

1. d4 d5 2. c4 e6 3. Nf3 Nf6 4. g3 dxc4 5. Bg2 Bb4+ 6. Bd2 a5 7. O-O O-O 8. Bg5
h6 9. Bxf6 Qxf6 10. e3 Nc6 11. a3 Bd6 12. Nfd2 e5 13. d5 Ne7 14. Nc3 Qg6 15.
Nxc4 Bf5 16. Nxd6 Qxd6 17. Rc1 c6 18. dxc6 Qxd1 19. Rfxd1 bxc6 20. Kf1 Rfd8 21.
Ke1 Rxd1+ 22. Rxd1 Rb8 23. Rd2 Kf8 24. Na4 Ke8 25. Nc5 f6 26. Bf1 Bg4 27. e4 Nc8
28. h3 Bf3 29. b3 Nb6 30. Rd3 Bh5 31. Ne6 Ke7 32. Nxg7 Bg6 33. Bg2 Nd7 34. Rc3
Kd6 35. Rd3+ Ke7 36. h4 Nc5 37. Rc3 Kd6 38. h5 Bh7 39. f4 Nxb3 40. fxe5+ fxe5
41. Rf3 Ke7 42. Rc3 Nd4 43. Nf5+ Bxf5 44. exf5 Kf6 45. g4 Kg5 46. Be4 Kxg4 47.
f6 Rf8 48. Bxc6 Rxf6 49. Ba8 Rf8 50. Bd5 Rb8 51. Rc7 Kf4 52. Kd2 Rd8 53. Rc5
Nb3+ 0-1

[Event "67th ch-RUS HL 2014"]
[Site "Vladivostok RUS"]
[Date "2014.06.11"]
[Round "7.15"]
[White "Maletin, Pavel"]
[Black "Chekhov, Sergei"]
[Result "1/2-1/2"]
[WhiteTitle "GM"]
[BlackTitle "IM"]
[WhiteElo "2588"]
[BlackElo "2467"]
[WhiteFideId "4146786"]
[BlackFideId "4195639"]
[EventDate "2014.06.04"]

1. c4 Nf6 2. g3 e5 3. Bg2 c6 4. d4 exd4 5. Qxd4 d5 6. Nf3 Be7 7. cxd5 cxd5 8.
O-O O-O 9. Nc3 Nc6 10. Qd3 Be6 11. Rd1 Rc8 12. Be3 Ng4 13. Bd4 Qd7 14. Rac1 Rfd8
15. e3 h6 16. Qb5 Qc7 17. Qa4 Qb8 18. Rd2 Nf6 19. Bxf6 Bxf6 20. Qd1 a6 21. b3 d4
22. Nxd4 Nxd4 23. exd4 Bg5 24. f4 Be7 25. d5 Bf5 26. Ne4 Qa7+ 27. Kh1 Qe3 28.
Rxc8 Rxc8 29. d6 Bxe4 30. dxe7 Bxg2+ 31. Kxg2 Qxe7 32. Qe2 Qxe2+ 33. Rxe2 g6 34.
Kf3 h5 35. h3 Kg7 36. g4 hxg4+ 37. hxg4 Rc7 38. g5 Rd7 39. Kg4 Kf8 40. Re4 Rd5 1/2-1/2